Vista normal
Vista MARC
Entrada Personal Name
Número de registros utilizados en: 3
001 - CONTROL NUMBER
- control field: 209
003 - CONTROL NUMBER IDENTIFIER
- control field: AR-EsCIE
005 - DATE AND TIME OF LATEST TRANSACTION
- control field: 20250331102348.0
008 - FIXED-LENGTH DATA ELEMENTS
- fixed length control field: 241022|| aca||aabn | a|a d
040 ## - CATALOGING SOURCE
- Original cataloging agency: AR-EsCIE
100 1# - HEADING--PERSONAL NAME
- Personal name: Gómez, Mariano,
- Dates associated with a name: 1974-2014
373 ## - ASSOCIATED GROUP
- Associated group: CIEFAP. Centro de Investigación Extensión Forestal Andino Patagónico.
670 ## - SOURCE DATA FOUND
- Source citation: Evaluación ambiental estratégica patagonia andina : una visión sobre dónde y cómo forestar. 2016
